Thomas Jefferson: a life / (Record no. 1545)

MARC details
000 -LEADER
fixed length control field 00585nam a22001937a 4500
003 - CONTROL NUMBER IDENTIFIER
control field OSt
005 - DATE AND TIME OF LATEST TRANSACTION
control field 20240628014502.0
008 - FIXED-LENGTH DATA ELEMENTS--GENERAL INFORMATION
fixed length control field 240628b |||||||| |||| 00| 0 eng d
020 ## - INTERNATIONAL STANDARD BOOK NUMBER
International Standard Book Number 0060976179
040 ## - CATALOGING SOURCE
Original cataloging agency DWC-Main Lib
Transcribing agency OC
082 ## - DEWEY DECIMAL CLASSIFICATION NUMBER
Classification number Circ. 973.4092 R188t 1993
100 ## - MAIN ENTRY--PERSONAL NAME
Personal name Randall, Willard Strene
245 ## - TITLE STATEMENT
Title Thomas Jefferson: a life /
Statement of responsibility, etc. Willard Strene Randall
260 ## - PUBLICATION, DISTRIBUTION, ETC.
Place of publication, distribution, etc. NY:
Name of publisher, distributor, etc. Holt,
Date of publication, distribution, etc. c1993.
300 ## - PHYSICAL DESCRIPTION
Extent xix, 708 pages:
Other physical details illustrations ;
Dimensions 20cm.
504 ## - BIBLIOGRAPHY, ETC. NOTE
Bibliography, etc. note Includes bibliographical and index.
650 ## - SUBJECT ADDED ENTRY--TOPICAL TERM
Topical term or geographic name entry element 1. Jefferson, Thomas, 1743-1826
942 ## - ADDED ENTRY ELEMENTS (KOHA)
Source of classification or shelving scheme Dewey Decimal Classification
Koha item type Book Circulation
Suppress in OPAC Yes
952 ## - LOCATION AND ITEM INFORMATION (KOHA)
--
Holdings
Withdrawn status Lost status Source of classification or shelving scheme Damaged status Not for loan Home library Current library Date acquired Source of acquisition Total Checkouts Full call number Barcode Date last seen Copy number Price effective from Koha item type Uniform Resource Identifier
    Dewey Decimal Classification     College Library College Library 11/04/2019 Donation   Circ. 973.4092 R188t 1993 52307 06/28/2024 c1 06/28/2024 BK-CIRC